00649nam a2200229 a 4500001001300000003000900013005001700022008004100039020000900080082001600089100001900105245003900124260003300163300000900196500003500205505001300240650002200253902000800275942000700283952011400290999001500404nice12345678IN_TiNIC20260116011713.0080228s1978 dela grp 000 0 eng  ac5500a297.7bTHA6 aThanvi, Ashraf aBahishti ZewarbHeavenly Ornaments aDelhibDini Book Depotc1978 a483p aincludes index and biblioraphy2 aGlossary aIslamic-Education bSRS cBK 001040708StackRoom-aHMIbHMId2008-02-28g55.00l0o297.7 THA6p09260r2008-02-28v55.00w2008-02-28yBK c3472d3472